Statistics for Most Populous Countries without a UN Official Language

Click here to take the quiz!

General Stats

  • This quiz has been taken 223 times
  • The average score is 16 of 21

Answer Stats

PopulationCountry% Correct
260 milIndonesia
93%
126 milJapan
91%
206 milBrazil
90%
325 milUnited States
88%
68 milThailand
87%
79 milIran
86%
161 milBangladesh
85%
95 milVietnam
85%
78 milTurkey
83%
101 milEthiopia
80%
82 milGermany
79%
50 milSouth Korea
79%
42 milUkraine
78%
60 milItaly
77%
122 milMexico
75%
38 milPoland
75%
31 milMalaysia
74%
54 milMyanmar
74%
27 milAfghanistan
59%
30 milNepal
51%
31 milUzbekistan
45%

Score Distribution

Percentile by Number Answered

Percent of People with Each Score

Your Score History

You have not taken this quiz